| 000 | 01203nam a2200193Ia 4500 | ||
|---|---|---|---|
| 008 | 240825s9999 xx 000 0 und d | ||
| 020 |
_a9781801070331 _qpbk |
||
| 041 | _aeng | ||
| 082 |
_a005.365 _bOST |
||
| 100 | _aOstrovskaya, Svetlana | ||
| 245 | 0 |
_aPractical Memory forensics _c/ Svetlana Ostrovskaya, Oleg Skulkin |
|
| 250 | _a1st edition | ||
| 260 |
_bPackt _c2022 _aBirmingham, |
||
| 300 |
_axvi, 286 pages,: _bill,; _c23 cm. |
||
| 504 | _aindex | ||
| 520 | _a"This book is for incident responders, digital forensic specialists, cybersecurity analysts, system administrators, malware analysts, students, and curious security professionals new to this field and interested in learning memory forensics. A basic understanding of malware and its working is expected. Although not mandatory, knowledge of operating systems internals will be helpful. For those new to this field, the book covers all the necessary concepts."--Provided by publisher | ||
| 650 | _aComputer Science Application software COMPUTERS Security General COMPUTERS Security Online Safety & Privacy COMPUTERS Security Viruses & Malware Computer Communication Networks Computer Security Computer networks | ||
| 942 | _cREF | ||
| 999 |
_c551130 _d551130 |
||